000
00355nam a2200145Ia 4500
008
090124s9999 xx 000 0 und d
082
_b
202436
245
_a
AN EDITOR'S GUIDE-BOOK
250
_a
1
260
_b
RANGANATHANANDA SWAMI
_c
1967
300
_a
15
630
_a
AN EDITOR'S GUIDE-BOOK
730
_a
AN EDITOR'S GUIDE-BOOK
942
_c
BOOK
999
_c
184017
_d
184017